|
|
|
|
| LEADER |
01114nam a2200229 a 4500 |
| 001 |
GR-MES10833 |
| 008 |
060929s gr 000 0 gre d |
| 020 |
|
|
|a 1564968650
|
| 040 |
|
|
|a GrPaTEI
|b gre
|c GR-PaULI
|
| 040 |
|
|
|a GrPaTEI
|b gre
|c GR-PaULI
|
| 245 |
0 |
0 |
|a Color graphics :
|b the power of color in graphic design /
|c Karen Triedman ; Cheryl Dangel Cullen.
|
| 260 |
|
|
|a Gloucester :
|b Rockport Publishers,
|c c2002
|
| 300 |
|
|
|a 173σ. :
|b έγχρ. εικ. ;
|c 29εκ.
|
| 650 |
|
0 |
|a Color in advertising
|
| 650 |
|
0 |
|a Commercial art
|x Themes, motives
|
| 650 |
|
0 |
|a Graphic design
|
| 710 |
2 |
|
|a Rockport Publishers
|
| 942 |
|
|
|2 ddc
|
| 952 |
|
|
|0 0
|1 0
|2 ddc
|4 0
|6 741_600000000000000_ROC
|7 0
|9 270120
|a MSLG
|b MSLG
|c BSC
|d 2021-01-17
|e 24
|f 0
|g 0.00
|l 0
|o 741.6 ROC
|p 2420000020708
|r 2021-01-17 00:00:00
|t 1
|w 2021-01-17
|y BK15
|x 20060929 0 1
|x GrPaTEI
|
| 952 |
|
|
|0 0
|1 0
|2 ddc
|4 0
|6 741_600000000000000_ROC
|7 0
|9 270121
|a MSLG
|b MSLG
|c BSC
|d 2021-01-17
|e 24
|f 0
|g 0.00
|l 0
|o 741.6 ROC
|p 2420000020709
|r 2021-01-17 00:00:00
|t 1
|w 2021-01-17
|y BK15
|x 20060929 0 ΔΕΝ ΔΑΝΕΙΖΕΤΑΙ 1
|x GrPaTEI
|
| 971 |
|
|
|a .b25768803
|b 15-04-20
|c 13-09-16
|
| 999 |
|
|
|c 155970
|d 155970
|